<?xml version="1.0" encoding="UTF-8"?>
<record
    xmlns:xsi="http://www.w3.org/2001/XMLSchema-instance"
    xsi:schemaLocation="http://www.loc.gov/MARC21/slim http://www.loc.gov/standards/marcxml/schema/MARC21slim.xsd"
    xmlns="http://www.loc.gov/MARC21/slim">

  <leader>02061nam a2200313Ia 4500</leader>
  <controlfield tag="001">H3847</controlfield>
  <controlfield tag="003">IT-RoPAU</controlfield>
  <controlfield tag="008">130308s9999    xx            000 0 und d</controlfield>
  <datafield tag="040" ind1=" " ind2=" ">
    <subfield code="a">IT-RoPAU</subfield>
  </datafield>
  <datafield tag="040" ind1=" " ind2=" ">
    <subfield code="c">IT-RoPAU</subfield>
  </datafield>
  <datafield tag="041" ind1=" " ind2=" ">
    <subfield code="a">ITALIANO</subfield>
  </datafield>
  <datafield tag="100" ind1=" " ind2=" ">
    <subfield code="a">Marvin Carolyn</subfield>
  </datafield>
  <datafield tag="100" ind1=" " ind2=" ">
    <subfield code="g">Codice Aut. SPICS: 36158</subfield>
  </datafield>
  <datafield tag="240" ind1=" " ind2=" ">
    <subfield code="a">WHEN OLD TECHNOLOGIES WERE NEW</subfield>
  </datafield>
  <datafield tag="240" ind1=" " ind2=" ">
    <subfield code="g">Codice Tit. Orig. Spics: T3362</subfield>
  </datafield>
  <datafield tag="245" ind1=" " ind2=" ">
    <subfield code="a">Quando le vecchie tecnologie erano nuove</subfield>
  </datafield>
  <datafield tag="245" ind1=" " ind2=" ">
    <subfield code="b">Quando le vecchie tecnologie Erano Nuove</subfield>
  </datafield>
  <datafield tag="250" ind1=" " ind2=" ">
    <subfield code="a">2a ed.</subfield>
  </datafield>
  <datafield tag="260" ind1=" " ind2=" ">
    <subfield code="a">TORINO</subfield>
  </datafield>
  <datafield tag="260" ind1=" " ind2=" ">
    <subfield code="b">Utet Libreria</subfield>
  </datafield>
  <datafield tag="260" ind1=" " ind2=" ">
    <subfield code="c">1998 [1&#xB0; Ed.:1994 - Ed.Ling.Originale:1988]</subfield>
  </datafield>
  <datafield tag="300" ind1=" " ind2=" ">
    <subfield code="a">"326 p. (prefazione: 34; testo: 292 [pagine: 0-0])"</subfield>
  </datafield>
  <datafield tag="500" ind1=" " ind2=" ">
    <subfield code="a">"Elettricit&#xE0; e Comunicazione a Fine Ottocento. Prefazione All'Edizione Italiana di Peppino Ortoleva: Tecniche e Mentalita'; Societ&#xE0; Elettrificata; Archeologia delle Telecomunicazioni. Inventare L'Esperto: Competenza tecnologica Come Valore di Scambio; Testualit&#xE0; Elettrica; Scienza Autentica e Alta Cultura. Comunit&#xE0; e gerarchie di Classe: Il Progresso Alla porta di Casa; Casa e Famiglia Come Rete di Comunicazione; Confini dell'Intimit&#xE0; Domestica; tensione  e Fiducia: Asimmetria e Coscienza di Classe. Corpo Nello Spazio e nel Tempo dell'Elettricita': Principi in Competizione: Principio dell'Esperienza Corporea; Corpo Trasformato Dall'Elettricita'; Poteri Speciali Emessaggi Impressi Sul Corpo; Automazione ed Evoluzione; Elettricit&#xE0; e Morte. Abbagliare le Folle: Alle Origini dei Media Spettacolari: Conversazionipotenziate; spettacoli Potenziati; Illuminazione Pubblica e Privata: Lessico degli Effetti Luminosi; Messaggi di Luce. Annullare le Distanze, Il Tempo, le Differenze: Esperimenti di Omogeneizzazione Culturale; Universo Egocentrico dei Media; realizzare Il Futuro: spettacoli via Cavo; Notiziari Elettrici; Diffusione Telefonica, Antenato dei sistemi Radiofonici."</subfield>
  </datafield>
  <datafield tag="650" ind1=" " ind2=" ">
    <subfield code="a">STORIA DELLA COMUNICAZIONE SOCIALE</subfield>
  </datafield>
  <datafield tag="650" ind1=" " ind2=" ">
    <subfield code="e">Codice materia Spics: 3808</subfield>
  </datafield>
  <datafield tag="942" ind1=" " ind2=" ">
    <subfield code="c">BK</subfield>
  </datafield>
  <datafield tag="957" ind1=" " ind2=" ">
    <subfield code="7">1</subfield>
  </datafield>
  <datafield tag="999" ind1=" " ind2=" ">
    <subfield code="c">89801</subfield>
    <subfield code="d">89801</subfield>
  </datafield>
  <datafield tag="999" ind1=" " ind2=" ">
    <subfield code="g">1</subfield>
  </datafield>
  <datafield tag="952" ind1=" " ind2=" ">
    <subfield code="0">0</subfield>
    <subfield code="1">0</subfield>
    <subfield code="4">0</subfield>
    <subfield code="6">H_000000000000000_3847</subfield>
    <subfield code="7">1</subfield>
    <subfield code="a">SPICS</subfield>
    <subfield code="b">SPICS</subfield>
    <subfield code="d">2013-03-08</subfield>
    <subfield code="l">0</subfield>
    <subfield code="o">H3847</subfield>
    <subfield code="r">2013-03-08 00:00:00</subfield>
    <subfield code="w">2013-03-08</subfield>
    <subfield code="y">BK</subfield>
    <subfield code="z">Progressivo inserimento:  17529 /  N. Volumi: 1 Copie: 1  / data import: 1 marzo 2013 - By Epidotti, Trombetti, Vaglietti. </subfield>
  </datafield>
</record>
